[Event "VIII C.to Italiano U20"]
[Site "Paderno del Grappa ITA"]
[Date "2000.07.15"]
[Round "1"]
[White "Artizzu, Giulio"]
[Black "Gottardo, Jacopo"]
[Result "1-0"]
[WhiteElo "2095"]
[BlackElo "1600"]
[PlyCount "51"]
[EventDate "2000.07.15"]

1.e4 e5 2.Nf3 Nc6 3.Bb5 a6 4.Ba4 Nf6 5.O-O Be7 6.c3 b5 7.Bb3 d5 8.exd5 
Nxd5 9.Re1 Qd6 10.d4 exd4 11.Nxd4 Nxd4 12.Qxd4 Be6 13.Bh6 O-O-O 14.Bxg7 
Rhg8 15.Be5 Qc6 16.Qe4 Rg4 17.Qf3 Rdg8 18.g3 h5 19.Nd2 h4 20.Nf1 f5 21.
Rad1 f4 22.Bxd5 Bxd5 23.Qxd5 Qxd5 24.Rxd5 hxg3 25.hxg3 fxg3 26.Bxg3 1-0

[Event "VIII C.to Italiano U20"]
[Site "Paderno del Grappa ITA"]
[Date "2000.07.15"]
[Round "1"]
[White "Cacco, Christian"]
[Black "Arcion, Riccardo"]
[Result "1-0"]
[WhiteElo "2267"]
[BlackElo "1804"]
[PlyCount "181"]
[EventDate "2000.07.15"]

1.d4 Nf6 2.Nf3 d6 3.g3 g6 4.Bg2 Bg7 5.c4 O-O 6.Nc3 c5 7.O-O Na6 8.h3 Nc7 
9.e4 cxd4 10.Nxd4 Rb8 11.Be3 Bd7 12.Rb1 Qc8 13.Kh2 a6 14.Qd2 Re8 15.Rfc1 
Ne6 16.Nd5 Nxd4 17.Bxd4 Nxd5 18.cxd5 Qd8 19.Ba7 Rc8 20.Re1 b5 21.f4 Qc7 
22.Qe3 e5 23.Bb6 Qb7 24.Qf2 exf4 25.gxf4 Rc4 26.Re2 h6 27.b3 Rc3 28.Bd4 
Rd3 29.Bxg7 Kxg7 30.Rbe1 Rc8 31.e5 dxe5 32.fxe5 Rcc3 33.Qf6+ Kg8 34.e6 
Qc7+ 35.Re5 Be8 36.Kg1 Rc1 37.Qf1 Qxe5 38.Rxc1 Qd4+ 39.Kh1 fxe6 40.dxe6 
Rc3 41.Re1 Rc2 42.Qf3 Qf2 43.Qe4 Kh7 44.e7 Bc6 45.e8=Q Bxe8 46.Qb7+ Bf7 
47.Rf1 Qxg2+ 48.Qxg2 Rxg2 49.Kxg2 Kg7 50.Kg3 a5 51.Rf2 a4 52.b4 Be6 53.a3 
Bf5 54.Rd2 Be6 55.h4 Kf6 56.Rd6 Kf5 57.Rc6 Bc4 58.Rb6 h5 59.Kf3 g5 60.Rh6 
Bf7 61.Kg3 gxh4+ 62.Kxh4 Ke5 63.Rh7 Bc4 64.Rd7 Bd5 65.Kxh5 Kd4 66.Kg4 Kc4 
67.Kf4 Bg2 68.Ke3 Bf1 69.Rf7 Bh3 70.Rf3 Bg2 71.Rg3 Bf1 72.Kd2 Kd4 73.Rg4+ 
Kd5 74.Kc3 Be2 75.Rh4 Bf1 76.Rd4+ Ke5 77.Rd8 Bc4 78.Rd4 Bf1 79.Rh4 Be2 80.
Kd2 Bf1 81.Ke3 Kd5 82.Rd4+ Ke5 83.Rd1 Bc4 84.Rg1 Kf5 85.Kd4 Kf4 86.Rc1 Be2
87.Rc2 Bd1 88.Rf2+ Kg3 89.Rf8 Be2 90.Kc5 Kg4 91.Rb8 1-0

[Event "VIII C.to Italiano U20"]
[Site "Paderno del Grappa ITA"]
[Date "2000.07.15"]
[Round "1"]
[White "Capone, Vincenzo"]
[Black "Albertazzi, Lorenzo"]
[Result "0-1"]
[WhiteElo "2165"]
[BlackElo "1636"]
[PlyCount "62"]
[EventDate "2000.07.15"]

1.e4 c5 2.Nf3 d6 3.d4 cxd4 4.Nxd4 Nf6 5.Nc3 a6 6.Be2 e6 7.Be3 Qc7 8.a4 Be7
9.O-O b6 10.f4 Bb7 11.Bf3 Nbd7 12.Qe2 O-O 13.Rae1 Rfd8 14.g4 Nc5 15.Bf2 d5
16.exd5 Nxd5 17.Nxd5 Bxd5 18.Bxd5 Rxd5 19.b4 Bf6 20.c3 Nxa4 21.Nxe6 Qd7 
22.Nc7 Nxc3 23.Qe8+ Qxe8 24.Rxe8+ Rxe8 25.Nxe8 Bd8 26.Re1 Kf8 27.f5 Rd1 
28.Rxd1 Nxd1 29.Nd6 Nxf2 30.Kxf2 Be7 31.Nc4 Bxb4 0-1

[Event "VIII C.to Italiano U20"]
[Site "Paderno del Grappa ITA"]
[Date "2000.07.15"]
[Round "1"]
[White "Castaldo, Folco"]
[Black "Lorusso, Giuseppe"]
[Result "1-0"]
[WhiteElo "2227"]
[BlackElo "1774"]
[PlyCount "60"]
[EventDate "2000.07.15"]

1.e4 c5 2.c3 d5 3.exd5 Qxd5 4.d4 Nf6 5.Be3 cxd4 6.cxd4 e6 7.Nf3 Bb4+ 8.Nc3
O-O 9.a3 Bxc3+ 10.bxc3 Qa5 11.Qc2 Bd7 12.Bd2 Ba4 13.Qb1 Qc7 14.Bd3 Nbd7 
15.O-O Rac8 16.Re1 h6 17.h3 Bc6 18.Ne5 Nxe5 19.Rxe5 Rfd8 20.Qc1 Rd5 21.Bf4
Rxe5 22.Bxe5 Qe7 23.Qf4 Nd5 24.Qg3 Qg5 25.c4 Qxg3 26.Bxg3 Nb6 27.f3 Ba4 
28.Rb1 Nxc4 29.Rxb7 Nxa3 30.Rxa7 Rc3 1-0

[Event "VIII C.to Italiano U20"]
[Site "Paderno del Grappa ITA"]
[Date "2000.07.15"]
[Round "1"]
[White "Cedriano, Filippo"]
[Black "Coratella, Giuseppe"]
[Result "1-0"]
[WhiteElo "1582"]
[BlackElo "2077"]
[PlyCount "43"]
[EventDate "2000.07.15"]

1.d4 Nf6 2.Nf3 g6 3.c4 Bg7 4.Nc3 O-O 5.e4 d6 6.Be2 e5 7.d5 a5 8.O-O Na6 9.
Bg5 h6 10.Bh4 Qe8 11.Nd2 Bd7 12.h3 Nh7 13.g4 f5 14.gxf5 gxf5 15.Bh5 Qb8 
16.Be7 Rc8 17.exf5 Be8 18.Nde4 Kh8 19.f6 Bf8 20.Bxf8 Nxf8 21.f7 Bd7 22.Qd2
1-0

[Event "VIII C.to Italiano U20"]
[Site "Paderno del Grappa ITA"]
[Date "2000.07.15"]
[Round "1"]
[White "Cortina, Federico"]
[Black "Genocchio, Daniele"]
[Result "0-1"]
[WhiteElo "1738"]
[BlackElo "2201"]
[PlyCount "74"]
[EventDate "2000.07.15"]

1.Nf3 Nf6 2.c4 e6 3.Nc3 b6 4.g3 Bb7 5.Bg2 d5 6.Ne5 Nbd7 7.Qa4 c5 8.d3 Bd6 
9.Bf4 Bxe5 10.Bxe5 O-O 11.Bd6 Re8 12.Nb5 Bc6 13.Qa3 Bxb5 14.cxb5 e5 15.b4 
Re6 16.bxc5 bxc5 17.Bxc5 Nxc5 18.Qxc5 Qa5+ 19.Kf1 Rb8 20.a4 e4 21.Bh3 Ree8
22.d4 e3 23.f3 Rb7 24.Kg2 Rc7 25.Qa3 Qd2 26.Rhe1 Qxd4 27.Red1 Qe5 28.Rac1 
Rxc1 29.Rxc1 h5 30.Qc5 h4 31.Qc7 Qd4 32.a5 Qd2 33.Kf1 d4 34.Qc4 d3 35.Re1 
hxg3 36.Qxd3 gxh2 37.Bg2 Nh5 0-1

[Event "VIII C.to Italiano U20"]
[Site "Paderno del Grappa ITA"]
[Date "2000.07.15"]
[Round "1"]
[White "De Barba, Eric"]
[Black "Tomba, Ivan"]
[Result "0-1"]
[WhiteElo "1501"]
[BlackElo "2022"]
[PlyCount "64"]
[EventDate "2000.07.15"]

1.e4 c5 2.Nc3 d6 3.Bb5+ Nd7 4.a4 Qa5 5.d3 a6 6.Bxd7+ Bxd7 7.Bd2 e6 8.f4 
Ne7 9.Nf3 Nc6 10.O-O Qd8 11.Ne2 Be7 12.Ng3 O-O 13.Bc3 b5 14.axb5 axb5 15.
b3 Qb6 16.Kh1 d5 17.Ne5 Nxe5 18.Bxe5 f6 19.Bb2 d4 20.f5 e5 21.Qe2 Rfc8 22.
Nh5 Be8 23.h4 Bf7 24.Ng3 c4 25.bxc4 bxc4 26.Rxa8 Rxa8 27.Bc1 Ra2 28.Qg4 
Rxc2 29.Bh6 Bf8 30.h5 Kh8 31.Bxg7+ Bxg7 32.Ra1 Ra2 0-1

[Event "VIII C.to Italiano U20"]
[Site "Paderno del Grappa ITA"]
[Date "2000.07.15"]
[Round "1"]
[White "De Bortoli, Peter"]
[Black "Damia, Angelo"]
[Result "1-0"]
[WhiteElo "2195"]
[BlackElo "1720"]
[PlyCount "49"]
[EventDate "2000.07.15"]

1.b4 e5 2.Bb2 Bxb4 3.Bxe5 Nf6 4.c3 Be7 5.d4 d6 6.Bxf6 Bxf6 7.e4 Nc6 8.Nd2 
d5 9.e5 Be7 10.Bd3 O-O 11.Qc2 g6 12.h4 Bxh4 13.Ndf3 Be7 14.Ne2 Re8 15.Nf4 
Bf8 16.Kf1 a5 17.Re1 b6 18.e6 Rxe6 19.Nxe6 Bxe6 20.Bxg6 hxg6 21.Rxe6 Nxd4 
22.cxd4 fxe6 23.Qxg6+ Bg7 24.Ng5 Qf6 25.Rh8+ 1-0

[Event "VIII C.to Italiano U20"]
[Site "Paderno del Grappa ITA"]
[Date "2000.07.15"]
[Round "1"]
[White "Delfino, Luigi"]
[Black "Pelosin, Matteo"]
[Result "1-0"]
[WhiteElo "2126"]
[BlackElo "1609"]
[PlyCount "57"]
[EventDate "2000.07.15"]

1.e4 e6 2.d4 d5 3.Nc3 Nf6 4.Bg5 Bb4 5.e5 h6 6.Bd2 Bxc3 7.bxc3 Ne4 8.Qg4 g6
9.Nf3 c5 10.c4 Nc6 11.dxc5 Nxd2 12.Nxd2 Nxe5 13.Qd4 Qf6 14.Rb1 Nd7 15.Qxf6
Nxf6 16.cxd5 Nxd5 17.Ne4 Ke7 18.c4 Nf6 19.Nd6 b6 20.Be2 bxc5 21.Bf3 Kxd6 
22.Bxa8 Ba6 23.Bf3 Bxc4 24.Rb7 a6 25.Rxf7 Nd7 26.Be2 Bxa2 27.O-O e5 28.
Rd1+ Bd5 29.Bf3 1-0

[Event "VIII C.to Italiano U20"]
[Site "Paderno del Grappa ITA"]
[Date "2000.07.15"]
[Round "1"]
[White "Forato, Piero"]
[Black "Sedani, Elisa"]
[Result "1-0"]
[WhiteElo "2050"]
[BlackElo "1533"]
[PlyCount "73"]
[EventDate "2000.07.15"]

1.e4 c5 2.Nf3 d6 3.d4 cxd4 4.Nxd4 Nf6 5.Nc3 a6 6.Be3 b5 7.a3 e5 8.Nb3 Be6 
9.Qd2 Be7 10.Be2 O-O 11.Rd1 Nbd7 12.O-O Nc5 13.Nxc5 dxc5 14.Qc1 Qc8 15.Bg5
Qb7 16.Bxf6 Bxf6 17.Nd5 Bxd5 18.exd5 c4 19.Qe3 Rad8 20.Bf3 Rfe8 21.Be4 Rd6
22.b3 cxb3 23.cxb3 g6 24.Rc1 Bg7 25.Rc6 Red8 26.g4 Qd7 27.g5 Qg4+ 28.Kh1 
f5 29.gxf6 Bxf6 30.Rg1 Qh4 31.Rxd6 Rxd6 32.Bf5 Qh5 33.Be6+ Kg7 34.Rc1 Rxe6
35.dxe6 Bg5 36.Qxe5+ Kh6 37.Rc3 1-0

[Event "VIII C.to Italiano U20"]
[Site "Paderno del Grappa ITA"]
[Date "2000.07.15"]
[Round "1"]
[White "Goi, Veronika"]
[Black "Lo Curto, Emanuele"]
[Result "1-0"]
[WhiteElo "1633"]
[BlackElo "2132"]
[PlyCount "55"]
[EventDate "2000.07.15"]

1.d4 Nf6 2.Bf4 d6 3.Nf3 g6 4.Nbd2 Bg7 5.e4 O-O 6.Bd3 Nbd7 7.O-O Re8 8.c3 
e5 9.Bg5 h6 10.Be3 Ng4 11.Qb3 Nxe3 12.fxe3 Nf8 13.Bc4 Ne6 14.Rf2 c6 15.a4 
Qc7 16.Raf1 Re7 17.Nh4 Kh7 18.Bxe6 Bxe6 19.d5 cxd5 20.exd5 Bc8 21.Qc2 e4 
22.Nxe4 f5 23.Ng3 Rxe3 24.Nxg6 Rxg3 25.hxg3 Kxg6 26.Rxf5 Qb6+ 27.Kh1 h5 
28.Rf6+ 1-0

[Event "VIII C.to Italiano U20"]
[Site "Paderno del Grappa ITA"]
[Date "2000.07.15"]
[Round "1"]
[White "Iafelice, Vincenzo"]
[Black "Quaranta, Cristiano"]
[Result "1-0"]
[WhiteElo "1903"]
[BlackElo "1468"]
[PlyCount "37"]
[EventDate "2000.07.15"]

1.e4 c5 2.Nf3 e6 3.d4 cxd4 4.Nxd4 Nf6 5.Nc3 Qb6 6.Nb3 Bb4 7.Bd3 Bxc3+ 8.
bxc3 Qc7 9.O-O Qxc3 10.Ba3 Qc7 11.Re1 Nc6 12.Bf1 b6 13.e5 Nd5 14.Bd6 Qd8 
15.Qg4 g6 16.Nd2 f5 17.Qh3 Bb7 18.Qh6 Nce7 19.Nc4 1-0

[Event "VIII C.to Italiano U20"]
[Site "Paderno del Grappa ITA"]
[Date "2000.07.15"]
[Round "1"]
[White "Mogranzini, Roberto"]
[Black "Chindemi, Giuseppe"]
[Result "1-0"]
[WhiteElo "1969"]
[BlackElo "1500"]
[PlyCount "47"]
[EventDate "2000.07.15"]

1.e4 c5 2.Nf3 d6 3.d4 cxd4 4.Nxd4 Nc6 5.c4 g6 6.Nc3 Bg7 7.Be3 Nf6 8.Be2 
O-O 9.Qd2 Nxd4 10.Bxd4 Be6 11.Rc1 Nd7 12.Bxg7 Kxg7 13.O-O Rc8 14.b3 Ne5 
15.f4 Nc6 16.f5 Bd7 17.Nd5 e6 18.f6+ Kh8 19.Nc3 Qb6+ 20.Kh1 Ne5 21.Qh6 Rg8
22.Na4 Bxa4 23.Rc3 Nd7 24.Qxh7+ 1-0

[Event "VIII C.to Italiano U20"]
[Site "Paderno del Grappa ITA"]
[Date "2000.07.15"]
[Round "1"]
[White "Nardelli, Marco"]
[Black "Berni, Giorgio"]
[Result "0-1"]
[WhiteElo "1479"]
[BlackElo "1905"]
[PlyCount "80"]
[EventDate "2000.07.15"]

1.e4 c5 2.c3 d6 3.d4 Nf6 4.Bd3 cxd4 5.cxd4 g6 6.Nc3 Bg7 7.h3 O-O 8.Nf3 Nc6
9.Be3 a6 10.a4 b6 11.O-O e5 12.d5 Ne7 13.a5 b5 14.Bb6 Qe8 15.Rc1 Bd7 16.
Bc7 Nc8 17.Na2 Qe7 18.Nb4 Ne8 19.Rc3 f5 20.Qc2 fxe4 21.Bxe4 Nf6 22.Nc6 Qe8
23.Ng5 Bh6 24.Ne6 Bxe6 25.dxe6 d5 26.Bxg6 hxg6 27.e7 Nxe7 28.Nxe7+ Qxe7 
29.Qxg6+ Bg7 30.Rfc1 Ne4 31.Rc6 Qf7 32.Qxf7+ Rxf7 33.f3 Nd2 34.Bb6 e4 35.
fxe4 dxe4 36.Re6 Nc4 37.Rc2 Nxb6 38.axb6 e3 39.Kh2 Bd4 40.Rc7 Bxb6 0-1

[Event "VIII C.to Italiano U20"]
[Site "Paderno del Grappa ITA"]
[Date "2000.07.15"]
[Round "1"]
[White "Navarro, Stefano"]
[Black "Costantini, Roberto"]
[Result "0-1"]
[WhiteElo "1792"]
[BlackElo "2233"]
[PlyCount "112"]
[EventDate "2000.07.15"]

1.e4 c5 2.Nf3 d6 3.d4 cxd4 4.Nxd4 Nf6 5.Nc3 a6 6.Bg5 e6 7.f4 Be7 8.Qf3 Qa5
9.O-O-O Bd7 10.g4 Nc6 11.Bxf6 Bxf6 12.Nb3 Qc7 13.g5 Be7 14.h4 h6 15.Rg1 
O-O-O 16.Kb1 Qb6 17.Bh3 hxg5 18.hxg5 Rh4 19.Ne2 Rdh8 20.Bg4 g6 21.Ned4 
Nxd4 22.Nxd4 Kb8 23.f5 e5 24.Ne2 gxf5 25.Bxf5 Bc6 26.g6 fxg6 27.Rxg6 Rh2 
28.Rg2 Rh1 29.Rg8+ Rxg8 30.Rxh1 Bb5 31.Be6 Bxe2 32.Qxe2 Rg1+ 33.Qf1 Rxf1+ 
34.Rxf1 Qe3 35.Bd5 b5 36.a3 Kc7 37.Rf7 Qg5 38.Rf3 Kd7 39.Rc3 Qg1+ 40.Ka2 
Bd8 41.Rc6 Bb6 42.Rc3 Bd4 43.Rb3 Qc1 44.c3 Bc5 45.c4 bxc4 46.Rc3 Qe1 47.
Rxc4 Ke7 48.Rc3 Kf6 49.Rb3 Kg5 50.Rb7 Qd2 51.Rb3 Kf4 52.Rc3 Bd4 53.Rb3 a5 
54.a4 Qc2 55.Ba8 Qc4 56.Ka3 Bc5+ 0-1

[Event "VIII C.to Italiano U20"]
[Site "Paderno del Grappa ITA"]
[Date "2000.07.15"]
[Round "1"]
[White "Pulito, Alberto"]
[Black "Veltcheva, Mina"]
[Result "1-0"]
[WhiteElo "2086"]
[BlackElo "1600"]
[PlyCount "87"]
[EventDate "2000.07.15"]

1.e4 c5 2.c3 d5 3.exd5 Qxd5 4.d4 Nc6 5.Be3 cxd4 6.cxd4 e6 7.Nf3 Bb4+ 8.Nc3
Nge7 9.a3 Bxc3+ 10.bxc3 O-O 11.Bd3 Qa5 12.O-O h6 13.Bd2 Rd8 14.Qe2 Qc7 15.
Rfe1 Nd5 16.Qe4 Kf8 17.c4 Nf6 18.Qh4 Ng8 19.Bc3 Qe7 20.Qg3 Qd6 21.Ne5 Nge7
22.c5 Qb8 23.Qf3 Nxe5 24.Rxe5 Bd7 25.Be4 Bc6 26.Bxc6 Nxc6 27.Rxe6 Nxd4 28.
Bxd4 Rxd4 29.Rae1 Qf4 30.Qxb7 Rad8 31.R6e3 Rd1 32.Qb4 Rxe1+ 33.Rxe1 Rd4 
34.Qb7 Qd2 35.Qa8+ Rd8 36.Qe4 Qd7 37.Qb4 Qc6 38.h3 Rc8 39.Rc1 g6 40.Qd4 h5
41.Qh8+ Ke7 42.Re1+ Kd7 43.Qe5 Qe6 44.Qd4+ 1-0

[Event "VIII C.to Italiano U20"]
[Site "Paderno del Grappa ITA"]
[Date "2000.07.15"]
[Round "1"]
[White "Santacroce, Fidel"]
[Black "Galli, Fabio"]
[Result "1/2-1/2"]
[WhiteElo "1609"]
[BlackElo "2107"]
[PlyCount "67"]
[EventDate "2000.07.15"]

1.e4 c6 2.d4 d5 3.Nc3 dxe4 4.Nxe4 Nd7 5.Nf3 Ngf6 6.Nxf6+ Nxf6 7.Bc4 e6 8.
c3 Bd6 9.Bg5 h6 10.Bh4 b5 11.Bd3 Bb7 12.Qe2 Qc7 13.Bg3 Nh5 14.O-O-O Nf4 
15.Bxf4 Bxf4+ 16.Nd2 O-O-O 17.Kb1 Kb8 18.Ne4 Rhe8 19.g3 Bd6 20.Rhe1 a6 21.
Nxd6 Qxd6 22.Qe5 Qxe5 23.Rxe5 f6 24.Re3 Kc7 25.f4 Kb6 26.b4 Bc8 27.Kc2 Kc7
28.Kd2 Bd7 29.Rde1 Kd6 30.Bg6 Re7 31.Kd3 Be8 32.Be4 Bf7 33.a3 e5 34.Bf3 
1/2-1/2

[Event "VIII C.to Italiano U20"]
[Site "Paderno del Grappa ITA"]
[Date "2000.07.15"]
[Round "1"]
[White "Sorcinelli, Francesco"]
[Black "Sardo, Gabriele"]
[Result "0-1"]
[WhiteElo "1650"]
[BlackElo "2189"]
[PlyCount "40"]
[EventDate "2000.07.15"]

1.e4 c5 2.Nf3 d6 3.d4 cxd4 4.Qxd4 Nc6 5.Bb5 Bd7 6.Bxc6 Bxc6 7.Nc3 Nf6 8.
Bg5 e6 9.O-O-O Be7 10.Rhe1 O-O 11.e5 dxe5 12.Qh4 Qc7 13.Nxe5 Rfd8 14.f4 b5
15.Rxd8+ Rxd8 16.Re3 b4 17.Ne2 Bb5 18.Qh3 Bc5 19.Rg3 Bxe2 20.Nd3 Rxd3 0-1

[Event "VIII C.to Italiano U20"]
[Site "Paderno del Grappa ITA"]
[Date "2000.07.15"]
[Round "1"]
[White "Tonon, Gabriele"]
[Black "Mariano, Elia"]
[Result "1-0"]
[WhiteElo "1600"]
[BlackElo "2093"]
[PlyCount "61"]
[EventDate "2000.07.15"]

1.e4 d5 2.exd5 Qxd5 3.Nc3 Qa5 4.d4 Nf6 5.Bd3 Bg4 6.f3 Bh5 7.Ne2 e6 8.Nf4 
Bg6 9.Nxg6 hxg6 10.a3 c6 11.Bd2 Qc7 12.Qe2 Rxh2 13.Rxh2 Qxh2 14.O-O-O Nbd7
15.Bc4 O-O-O 16.Qf2 Nb6 17.Ba2 Nbd5 18.Ne2 Bd6 19.Kb1 Nf4 20.Bxf4 Bxf4 21.
Nxf4 Qxf4 22.Rd3 Rh8 23.Bb3 Rh1+ 24.Ka2 Qc1 25.Ba4 b5 26.Bxb5 Qa1+ 27.Kb3 
cxb5 28.d5 Qg1 29.Rc3+ Kd8 30.Qg3 Nxd5 31.Qd6+ 1-0

[Event "VIII C.to Italiano U20"]
[Site "Paderno del Grappa ITA"]
[Date "2000.07.16"]
[Round "2"]
[White "Albertazzi, Lorenzo"]
[Black "Delfino, Luigi"]
[Result "1/2-1/2"]
[WhiteElo "1636"]
[BlackElo "2126"]
[PlyCount "31"]
[EventDate "2000.07.15"]

1.e4 c5 2.b4 b6 3.bxc5 bxc5 4.Bc4 Bb7 5.d3 e6 6.f4 Be7 7.Nf3 Nc6 8.Nc3 Nf6
9.e5 d5 10.Bb3 Ng4 11.h3 Nh6 12.g4 c4 13.Ba4 d4 14.Bxc6+ Bxc6 15.Ne4 Bxe4 
16.dxe4 1/2-1/2

[Event "VIII C.to Italiano U20"]
[Site "Paderno del Grappa ITA"]
[Date "2000.07.16"]
[Round "2"]
[White "Arcion, Riccardo"]
[Black "Veltcheva, Mina"]
[Result "1-0"]
[WhiteElo "1804"]
[BlackElo "1600"]
[PlyCount "59"]
[EventDate "2000.07.15"]

1.d4 Nf6 2.c4 e6 3.Nc3 c5 4.d5 a6 5.a4 d6 6.e4 Nbd7 7.f4 Be7 8.Nf3 Qc7 9.
Bd3 O-O 10.O-O Re8 11.h3 exd5 12.exd5 Nf8 13.Re1 Kh8 14.Ng5 h6 15.Nf3 Qd7 
16.Qc2 Nh5 17.Bd2 Ng3 18.Kh2 Nf5 19.a5 Nh4 20.Nxh4 Bxh4 21.Rxe8 Qxe8 22.
Na4 Bd7 23.Nb6 Rd8 24.g3 Be7 25.Re1 Ng6 26.Bc3 Qf8 27.Nxd7 Rxd7 28.Bxg6 
fxg6 29.Qxg6 Rd8 30.Qxh6+ 1-0

[Event "VIII C.to Italiano U20"]
[Site "Paderno del Grappa ITA"]
[Date "2000.07.16"]
[Round "2"]
[White "Berni, Giorgio"]
[Black "De Bortoli, Peter"]
[Result "0-1"]
[WhiteElo "1905"]
[BlackElo "2195"]
[PlyCount "66"]
[EventDate "2000.07.15"]

1.e4 d6 2.d4 Nf6 3.Nc3 c6 4.f4 g6 5.Nf3 Bg7 6.Bd3 O-O 7.O-O e5 8.dxe5 Ng4 
9.Qe2 dxe5 10.f5 Nd7 11.Ng5 Nh6 12.Be3 Nf6 13.fxg6 hxg6 14.Qd2 Qe7 15.h3 
Nh5 16.g4 Nf4 17.Bxf4 exf4 18.Qxf4 Nxg4 19.hxg4 Bh6 20.e5 Bxg5 21.Qe4 Be6 
22.Kg2 Rad8 23.Rh1 Kg7 24.Rh3 Rh8 25.Rah1 Rxh3 26.Rxh3 Qc5 27.Na4 Qa5 28.
Nc3 Qc5 29.Na4 Qd4 30.Qxd4 Rxd4 31.Nc5 Rxg4+ 32.Rg3 Bd5+ 33.Be4 Rxe4 0-1

[Event "VIII C.to Italiano U20"]
[Site "Paderno del Grappa ITA"]
[Date "2000.07.16"]
[Round "2"]
[White "Chindemi, Giuseppe"]
[Black "Cortina, Federico"]
[Result "1/2-1/2"]
[WhiteElo "1500"]
[BlackElo "1738"]
[PlyCount "64"]
[EventDate "2000.07.15"]

1.f4 d5 2.e3 Nf6 3.Nf3 g6 4.b3 Bg7 5.Bb2 O-O 6.Bd3 c5 7.O-O Nc6 8.Nc3 b6 
9.Nb5 e6 10.Na3 Bb7 11.c4 d4 12.Nc2 dxe3 13.dxe3 Qc7 14.Qe2 Rad8 15.Rad1 
Rd7 16.Rd2 Rfd8 17.Rfd1 Qb8 18.Ne5 Nxe5 19.Bxe5 Qa8 20.Ne1 Ne8 21.Bxg7 
Nxg7 22.Bc2 Qc8 23.Rxd7 Rxd7 24.Rxd7 Qxd7 25.Qd3 Qxd3 26.Bxd3 f6 27.Kf2 
Kf7 28.Nf3 Ne8 29.e4 h6 30.e5 Bxf3 31.Kxf3 fxe5 32.fxe5 g5 1/2-1/2

[Event "VIII C.to Italiano U20"]
[Site "Paderno del Grappa ITA"]
[Date "2000.07.16"]
[Round "2"]
[White "Coratella, Giuseppe"]
[Black "Gottardo, Jacopo"]
[Result "1-0"]
[WhiteElo "2077"]
[BlackElo "1600"]
[PlyCount "49"]
[EventDate "2000.07.15"]

1.e4 e5 2.Nf3 Nc6 3.Bb5 a6 4.Ba4 Nf6 5.O-O Be7 6.Re1 b5 7.Bb3 d6 8.c3 Na5 
9.Bc2 c5 10.d4 Qc7 11.h3 O-O 12.d5 Ne8 13.Nbd2 f5 14.exf5 Bxf5 15.Ne4 Bg6 
16.Neg5 Rf6 17.Nh4 Bxc2 18.Qxc2 g6 19.Re4 Ng7 20.Rg4 Nf5 21.Nxf5 Rxf5 22.
Ne6 Qd7 23.Qxf5 Rf8 24.Rxg6+ Kh8 25.Qh5 1-0

[Event "VIII C.to Italiano U20"]
[Site "Paderno del Grappa ITA"]
[Date "2000.07.16"]
[Round "2"]
[White "Costantini, Roberto"]
[Black "Mogranzini, Roberto"]
[Result "1-0"]
[WhiteElo "2233"]
[BlackElo "1969"]
[PlyCount "57"]
[EventDate "2000.07.15"]

1.e4 c5 2.Nf3 d6 3.d4 cxd4 4.Nxd4 Nf6 5.Nc3 a6 6.Be3 e6 7.f3 b5 8.g4 h6 9.
Qd2 Nbd7 10.O-O-O Bb7 11.h4 b4 12.Na4 Qa5 13.b3 Nc5 14.a3 Rc8 15.axb4 
Nxb3+ 16.Nxb3 Qxa4 17.Kb2 d5 18.Nc5 Bxc5 19.Bxc5 Rxc5 20.bxc5 O-O 21.Ra1 
Qc6 22.g5 Nd7 23.gxh6 Nxc5 24.Qg5 Qb6+ 25.Kc1 g6 26.Qf6 Nb3+ 27.cxb3 Qe3+ 
28.Kd1 Qxb3+ 29.Ke2 1-0

[Event "VIII C.to Italiano U20"]
[Site "Paderno del Grappa ITA"]
[Date "2000.07.16"]
[Round "2"]
[White "Damia, Angelo"]
[Black "Nardelli, Marco"]
[Result "1-0"]
[WhiteElo "1720"]
[BlackElo "1479"]
[PlyCount "97"]
[EventDate "2000.07.15"]

1.e4 Nf6 2.Nc3 d6 3.d4 g6 4.f3 c6 5.Be3 b5 6.a3 Bg7 7.Bd3 Qa5 8.b4 Qc7 9.
Nge2 Nbd7 10.O-O O-O 11.Qd2 e5 12.d5 cxd5 13.Nxb5 Qb8 14.Nxa7 Rxa7 15.Bxa7
Qxa7+ 16.Kh1 dxe4 17.fxe4 d5 18.exd5 Nxd5 19.Ra2 N7f6 20.Ng3 Ne3 21.Rf3 
Bh6 22.Qf2 Nfg4 23.Qg1 Bb7 24.Be4 Bxe4 25.Nxe4 Rd8 26.Ra1 f5 27.Rg3 Qa4 
28.h3 Qxc2 29.hxg4 Qxe4 30.gxf5 Nxf5 31.Rf3 Bf4 32.Re1 Qb7 33.Qf2 Rd2 34.
Qc5 Ng3+ 35.Kg1 Re2 36.Qc4+ Kg7 37.Rxe2 Nxe2+ 38.Qxe2 Qc6 39.Qd3 Qc1+ 40.
Rf1 Qc6 41.Rd1 Qf6 42.Qd7+ Kh6 43.Qh3+ Kg7 44.Rd7+ Kf8 45.Qc3 Qb6+ 46.Kh1 
Qa6 47.b5 Qa8 48.Qc5+ Kg8 49.Qd5+ 1-0

[Event "VIII C.to Italiano U20"]
[Site "Paderno del Grappa ITA"]
[Date "2000.07.16"]
[Round "2"]
[White "Forato, Piero"]
[Black "Cacco, Christian"]
[Result "0-1"]
[WhiteElo "2050"]
[BlackElo "2267"]
[PlyCount "82"]
[EventDate "2000.07.15"]

1.e4 g6 2.d4 Bg7 3.Nc3 d6 4.Be3 Nf6 5.f3 O-O 6.Qd2 e5 7.dxe5 dxe5 8.Qxd8 
Rxd8 9.Bd3 c6 10.a4 Be6 11.Nge2 Nbd7 12.Kf2 a5 13.Rhd1 Bf8 14.Bg5 h6 15.
Bh4 Bc5+ 16.Kf1 Kg7 17.Bf2 Bxf2 18.Kxf2 Nc5 19.Rab1 Bb3 20.cxb3 Nxd3+ 21.
Ke3 Nc5 22.h3 Nxb3 23.f4 exf4+ 24.Nxf4 Re8 25.Kf3 Re7 26.Nd3 Rae8 27.Nf2 
Nd7 28.Rd6 Ne5+ 29.Kg3 Nc4 30.Rd3 h5 31.h4 Re5 32.Rd7 R8e7 33.Rxe7 Rxe7 
34.Nd3 Rd7 35.Nf4 Rd2 36.Nd1 Ne5 37.Ne3 Nc5 38.b4 Nxe4+ 39.Kh3 Nd3 40.Nxd3
Rxd3 41.Re1 Nf2+ 0-1

[Event "VIII C.to Italiano U20"]
[Site "Paderno del Grappa ITA"]
[Date "2000.07.16"]
[Round "2"]
[White "Galli, Fabio"]
[Black "Cedriano, Filippo"]
[Result "1-0"]
[WhiteElo "2107"]
[BlackElo "1582"]
[PlyCount "57"]
[EventDate "2000.07.15"]

1.e4 c5 2.Nf3 d6 3.d4 cxd4 4.Nxd4 Nf6 5.Nc3 a6 6.Bc4 e6 7.Bb3 Be7 8.Be3 b5
9.a3 Qc7 10.f4 Nc6 11.O-O Nxd4 12.Bxd4 Bb7 13.Qf3 O-O 14.f5 exf5 15.Qxf5 
Qd7 16.Nd5 Bxd5 17.Qxd7 Nxd7 18.Bxd5 Rac8 19.c3 Rc7 20.Rf4 Bf6 21.Rd1 
Bxd4+ 22.cxd4 Nf6 23.Bb3 a5 24.e5 dxe5 25.dxe5 Nh5 26.Rf2 g6 27.e6 Re7 28.
Rxf7 Rexf7 29.e7 1-0

[Event "VIII C.to Italiano U20"]
[Site "Paderno del Grappa ITA"]
[Date "2000.07.16"]
[Round "2"]
[White "Genocchio, Daniele"]
[Black "Iafelice, Vincenzo"]
[Result "1-0"]
[WhiteElo "2201"]
[BlackElo "1903"]
[PlyCount "49"]
[EventDate "2000.07.15"]

1.e4 c5 2.Nf3 Nc6 3.Nc3 d6 4.d4 cxd4 5.Nxd4 e5 6.Nde2 f5 7.exf5 Bxf5 8.Ng3
Be6 9.Bd3 Nf6 10.O-O Be7 11.Nce4 Nxe4 12.Bxe4 d5 13.Bf5 Bxf5 14.Nxf5 Bf6 
15.c4 dxc4 16.Nd6+ Ke7 17.Nf5+ Ke6 18.Qg4 Kf7 19.Qxc4+ Kg6 20.Qg4+ Kf7 21.
Qc4+ Kg6 22.Qe4 Kf7 23.Be3 Qc7 24.Qd5+ Kg6 25.Nd6 1-0

[Event "VIII C.to Italiano U20"]
[Site "Paderno del Grappa ITA"]
[Date "2000.07.16"]
[Round "2"]
[White "Lo Curto, Emanuele"]
[Black "Santacroce, Fidel"]
[Result "1-0"]
[WhiteElo "2132"]
[BlackElo "1609"]
[PlyCount "167"]
[EventDate "2000.07.15"]

1.e4 d5 2.exd5 Qxd5 3.Nc3 Qa5 4.Bc4 Nf6 5.Nf3 Bg4 6.h3 Bh5 7.d3 c6 8.Bd2 
e6 9.Ne4 Qd8 10.Ng3 Bg6 11.Qe2 Bd6 12.Ne5 Nbd7 13.Nxg6 hxg6 14.Ne4 Nxe4 
15.dxe4 Qf6 16.c3 Ne5 17.Bb3 O-O-O 18.Be3 Bb8 19.Bc2 Rd7 20.Bd4 Qe7 21.f4 
Qh4+ 22.Qf2 Qxf2+ 23.Kxf2 Nc4 24.Bb3 Nd2 25.Ke3 Nxb3 26.axb3 Rhd8 27.b4 g5
28.e5 gxf4+ 29.Kxf4 f6 30.Rhf1 fxe5+ 31.Bxe5 Rd2 32.Bxb8 Kxb8 33.Kg3 e5 
34.Rae1 Rxb2 35.Rxe5 Rd3+ 36.Kh2 Rd7 37.Rf8+ Kc7 38.Rg5 Rbd2 39.Rg8 R2d3 
40.h4 Rxc3 41.R8xg7 Rc4 42.Kh3 Rxb4 43.h5 Re4 44.g4 b5 45.h6 Re8 46.Rxd7+ 
Kxd7 47.Rg7+ Ke6 48.h7 Rh8 49.g5 b4 50.g6 b3 51.Rg8 b2 52.Rxh8 b1=Q 53.
Re8+ Kf5 54.Rf8+ Kg5 55.h8=Q Qd3+ 56.Kg2 Qe2+ 57.Kg1 Qe3+ 58.Kf1 Qd3+ 59.
Ke1 Qe3+ 60.Kd1 Qd3+ 61.Kc1 Qa3+ 62.Kd2 Qb4+ 63.Kd3 Qb5+ 64.Ke3 Qb3+ 65.
Kd4 Qd5+ 66.Kc3 Qc5+ 67.Kd3 Qd6+ 68.Ke4 Qd5+ 69.Ke3 Qc5+ 70.Kd2 Qb4+ 71.
Ke2 Qc4+ 72.Ke3 Qc5+ 73.Kf3 Qd5+ 74.Kg3 Qd3+ 75.Rf3 Qd6+ 76.Kh3 Qe6+ 77.
Kg2 Qe2+ 78.Rf2 Qe4+ 79.Kh2 Qe7 80.Rg2+ Kf4 81.Qh6+ Kf3 82.Qh5+ Kf4 83.
Rf2+ Ke4 84.Re2+ 1-0